|
|
|
|
| LEADER |
00576cam a2200169 7i4500 |
| 001 |
0000031851 |
| 005 |
20141121090000.0 |
| 020 |
0 |
0 |
|a 9789834313791
|
| 090 |
0 |
0 |
|a B 658.4092
|b REB
|
| 100 |
1 |
0 |
|a Rebecca Fatima Sta. maria
|
| 245 |
1 |
4 |
|a The Headless chicken and the spark :
|b a journey of learning and growing on the run.
|
| 260 |
0 |
0 |
|a Kuala Lumpur:
|b Minister of International Trade & Industry Malaysia (MITI),
|c 2014.
|
| 300 |
# |
# |
|a 172 p.
|
| 650 |
0 |
0 |
|a Leadership
|
| 651 |
0 |
0 |
|a Teams in workplace
|
| 651 |
0 |
0 |
|a Work environment
|
| 999 |
|
|
|a 0000034772
|b Book
|c Book
|e Business Information Centre
|